đź“– 150 premiers mots "J'ai encore menti !" Legardinier - Statistiques

Statistiques générales
  • Ce quiz a Ă©tĂ© pris 20 fois
  • Le rĂ©sultat moyen est 90 sur 150
Statistiques - réponses
Mots % Correct
Il
100%
il
100%
Il ...
100%
je
100%
Je
100%
un
100%
une
100%
Ă 
93%
d'
93%
en
93%
et
93%
l'
93%
la
93%
lĂ 
93%
le
93%
m'
93%
ma
93%
me
93%
ne
93%
qu'
93%
que
93%
Que
93%
qui
93%
de
86%
dès
86%
des
86%
fait
86%
mon
86%
Par
86%
pas.
86%
pas
86%
pour
86%
ce
79%
comme
79%
moi.
79%
nuit,
79%
sais
79%
se
79%
sur
79%
avec
71%
femme
71%
froid.
71%
peu
71%
Son
71%
suis
71%
lui
64%
mais
64%
tĂŞte
64%
alors
57%
moment-
57%
monde
57%
prend
57%
contre,
50%
parce
50%
ses
50%
Tout
50%
prends
43%
coup
36%
mal
36%
patience.
36%
pieds...
36%
pointe
36%
temps
36%
jeune
29%
met
29%
pourquoi
29%
fou
21%
place,
21%
possible.
21%
pression,
21%
Déjà
14%
inquiète
14%
minutes
14%
oeil
14%
quarante
14%
regarde
14%
rejoindra
14%
relève
14%
retard,
14%
rue
14%
contrebas.
7%
explique
7%
fenĂŞtre,
7%
jette
7%
méfie
7%
penserait-
7%
pile
7%
résument
7%
approchée
0%
baie
0%
demi-
0%
discret
0%
Ecartant
0%
énergie.
0%
épie
0%
impatiente ?
0%
Malheureusement,
0%
mégère
0%
métier
0%
modeste
0%
peine
0%
poisse,
0%
priorités
0%
seconde
0%
suffit
0%
surprenne.
0%
tellement
0%
vitrée
0%
voilage
0%
Aucun quiz correspondant
Distribution des résultats
% des personnes avec chaque résultat
Percentile par nombre de réponses
Votre historique - résultats
Vous n’avez pas pris ce quiz